000 00434nac a22001811ca4500
001 a75534
008 170707s1951 gw |||| 000u fre d
041 _afre
100 1 _aMaitron, Jean
245 0 0 _aHistoire du mouvement anarchiste en France (1880-1914)
264 _aParis,
_c1951
650 0 _aAnarchismus
650 0 _aFrankreich <1880-1914>
942 _cMG
040 _cRU-10907106
003 RU-10907106
999 _c26363
_d26363